Политическая экономия - теоретическая основа революционной борьбы рабочего класса

Dades bibliogràfiques
Autor corporatiu: Академия общественных наук при ЦК КПСС
Altres autors: Абалкин Л. И. (редактор)
Sumari:Исключено из фонда НТБ ТПУ
Idioma:rus
Publicat: Москва, Мысль, 1988
Edició:2-е изд., доп. и перераб.
Format: MixedMaterials Llibre
KOHA link:https://koha.lib.tpu.ru/cgi-bin/koha/opac-detail.pl?biblionumber=263796

MARC

LEADER 00000nam0a2200000 4500
001 263796
005 20231101233755.0
010 |a 5244001264 
035 |a (RuTPU)RU\TPU\book\286785 
090 |a 263796 
100 |a 20140611d1988 k y0rusy50 ca 
101 0 |a rus 
102 |a RU 
105 |a y z 001zy 
200 1 |a Политическая экономия - теоретическая основа революционной борьбы рабочего класса  |f Академия общественных наук при ЦК КПСС ; под ред. Л. И. Абалкина 
205 |a 2-е изд., доп. и перераб. 
210 |a Москва  |c Мысль  |d 1988 
215 |a 653 с. 
333 |a Исключено из фонда НТБ ТПУ 
702 1 |a Абалкин  |b Л. И.  |4 340 
712 0 2 |a Академия общественных наук при ЦК КПСС  |9 25033 
801 1 |a RU  |b 63413507  |c 20140611 
801 2 |a RU  |b 63413507  |c 20220314  |g RCR 
942 |c BK